Agricultural marketing / (Record no. 15442)
[ view plain ]
| 000 -LEADER | |
|---|---|
| fixed length control field | 00435nam a22001577a 4500 |
| 003 - CONTROL NUMBER IDENTIFIER | |
| control field | URS |
| 005 - DATE AND TIME OF LATEST TRANSACTION | |
| control field | 20220114172017.0 |
| 008 - FIXED-LENGTH DATA ELEMENTS--GENERAL INFORMATION | |
| fixed length control field | 190713b xxu||||| |||| 00| 0 eng d |
| 020 ## - INTERNATIONAL STANDARD BOOK NUMBER | |
| International Standard Book Number | 9789382036692 |
| 050 14 - LIBRARY OF CONGRESS CALL NUMBER | |
| Classification number | HD 1411 |
| Item number | M687 |
| 100 1# - MAIN ENTRY--PERSONAL NAME | |
| Personal name | Mishra, Anant |
| Dates associated with a name | 2014- |
| Relator term | Author |
| 245 10 - TITLE STATEMENT | |
| Title | Agricultural marketing / |
| Statement of responsibility, etc. | Anant Mishra. |
| 264 #1 - PRODUCTION, PUBLICATION, DISTRIBUTION, MANUFACTURE, AND COPYRIGHT NOTICE | |
| Place of production, publication, distribution, manufacture | New Delhi : |
| Name of producer, publisher, distributor, manufacturer | Black prints, |
| Date of production, publication, distribution, manufacture, or copyright notice | ©2014. |
| 300 ## - PHYSICAL DESCRIPTION | |
| Extent | v,301p. |
| Other physical details | Illustration |
| Dimensions | 22cm. |
| 942 ## - ADDED ENTRY ELEMENTS (KOHA) | |
| Source of classification or shelving scheme | Library of Congress Classification |
| Koha item type | Foreign Books |
| Withdrawn status | Source of classification or shelving scheme | Damaged status | Not for loan | Collection code | Home library | Current library | Shelving location | Date acquired | Total Checkouts | Full call number | Barcode | Date last seen | Price effective from | Koha item type |
|---|---|---|---|---|---|---|---|---|---|---|---|---|---|---|
| Library of Congress Classification | Non-fiction | Binangonan College Library | Binangonan College Library | Foreign Section | 06/07/2023 | HD 1411 M687 | URSBIN-01577 | 07/13/2019 | 07/13/2019 | Foreign Books |